Discurso leído ante la Facultad de Teolojía de la Universidad Nacional por el Presbítero D. Joaquín Larraín Gandarillas en la sesión del 30 de abril de 1859

Enregistré dans:
Détails bibliographiques
Auteur principal: Larraín Gandarillas, Joaquín (Auteur)
Format: Livre
Langue:espagnol
Publié: Santiago Imprenta de La Opinión, calle de la Compañía número 155 1859
Édition:1a. ed
Sujets:
Tags: Ajouter un tag
Pas de tags, Soyez le premier à ajouter un tag!

MARC

LEADER 00000nam a2200000 a 4500
001 UCJ4802
003 CL-VaPUC
008 070124e18590516CL |||||||||||||||||spa|d
082 0 4 |a 983  |b LAR  |2 21 
100 |a Larraín Gandarillas, Joaquín  |e author  |9 512872 
245 1 0 |a Discurso leído ante la Facultad de Teolojía de la Universidad Nacional por el Presbítero D. Joaquín Larraín Gandarillas en la sesión del 30 de abril de 1859 
250 |a 1a. ed 
300 |a 15 p 
942 |c BK 
945 |d 20070124 00:00:00  |a rinostro 
260 |a Santiago  |b Imprenta de La Opinión, calle de la Compañía número 155  |c 1859 
500 |a Nota autógrafa de Rafael Eyzaguirre. Folleto empastado junto a otros en un volumen rotulado S.D. JOAQUIN LARRAIN G., ubicación 983 LAR 
600 0 |a Universidad de Chile  |9 257231 
600 0 7 |a EYZAGUIRRE, RAFAEL  |2 CL-VaPUC  |9 509151 
650 0 |a Iglesia Católica  |9 256114 
650 0 |a Estado  |9 255503 
650 0 |a Política  |9 255312 
650 0 |a Discursos   |9 265028 
650 7 |a EX LIBRIS  |2 CL-VaPUC  |9 505186 
583 |a last modification  |c 20070124 00:00:00  |k Rodrigo Vera 
999 |c 320917  |d 320915 
952 |0 0  |1 0  |4 0  |6 983_000000000000000_LAR_1859  |7 0  |8 X  |9 399551  |a FDOBUD  |b FDOBUD  |d 2019-11-22  |i 1026097  |o 983 LAR 1859  |p 1026097  |r 2019-11-22  |w 2019-11-22  |y BK_X  |k BUD